| 000 | 00870cad a22001935a 4500 | ||
|---|---|---|---|
| 001 | L155198 | ||
| 008 | 120309s2012 xxk f 000 0 eng d | ||
| 035 | _a(Sirsi) u155198 | ||
| 041 | 0 | _aeng | |
| 110 | 2 |
_aBDO _96028 |
|
| 245 | 0 | 0 |
_aPlugging the affordable housing funding gap _h[electronic resource] |
| 260 |
_aLondon _bBDO _c2012 |
||
| 520 | _aOutlines plans by registered social housing providers to fill the affordable housing funding gap. Based on the results of a survey of 60 senior executives undertaken in December 2011 representing the view of the affordable housing sector. | ||
| 590 | _aKA NTK | ||
| 651 | 4 |
_aEngland and Wales _y1543- |
|
| 690 |
_aAffordable housing _96215 |
||
| 856 | 4 | 0 |
_uhttps://static.bdo.uk.com/assets/documents/2012/03/Plugging_the_affordable_housing_funding_gap.PDF _zView this item free of charge at static.bdo.uk.com |
| 942 | _n0 | ||
| 999 |
_c113388 _d113388 |
||